Ang mahiyaing manok / (Record no. 105170)
[ view plain ]
| 000 -LEADER | |
|---|---|
| fixed length control field | 007879281a2200205 4500 |
| 005 - DATE AND TIME OF LATEST TRANSACTION | |
| control field | 20140412111343.0 |
| 008 - FIXED-LENGTH DATA ELEMENTS--GENERAL INFORMATION | |
| fixed length control field | 140211s2000 xx 000 0 und d |
| 020 ## - INTERNATIONAL STANDARD BOOK NUMBER | |
| International Standard Book Number | 971-508-074-X |
| 050 ## - LIBRARY OF CONGRESS CALL NUMBER | |
| Classification number | Fil E |
| Item number | Ma27 2000 |
| 100 1# - MAIN ENTRY--PERSONAL NAME | |
| Personal name | Ano�uevo, Rebecca T. |
| 245 10 - TITLE STATEMENT | |
| Title | Ang mahiyaing manok / |
| Statement of responsibility, etc | Rebecca T. Anonuevo; illustrated by Ruben De Jesus. |
| 260 ## - PUBLICATION, DISTRIBUTION, ETC. (IMPRINT) | |
| Place of publication, distribution, etc | Quezon City : |
| Name of publisher, distributor, etc | Adarna House, |
| Date of publication, distribution, etc | 2000. |
| 300 ## - PHYSICAL DESCRIPTION | |
| Extent | 1 v. (unp.) ; ill. |
| 440 ## - SERIES STATEMENT/ADDED ENTRY--TITLE | |
| Title | a book in 2 languages |
| 520 8# - SUMMARY, ETC. | |
| Summary, etc | Of all the roosters of Mang Oca, Onyok spends his time for sulking. This is because he cannot crow like the others. How can a shy rooster prove his worth? |
| 650 #4 - SUBJECT ADDED ENTRY--TOPICAL TERM | |
| Topical term or geographic name as entry element | Chickens--Fiction |
| 650 #4 - SUBJECT ADDED ENTRY--TOPICAL TERM | |
| Topical term or geographic name as entry element | Timidity--Fiction |
| 650 #4 - SUBJECT ADDED ENTRY--TOPICAL TERM | |
| Topical term or geographic name as entry element | Children's literature |
| General subdivision | English-Tagalog Translation |
| Withdrawn status | Lost status | Damaged status | Use restrictions | Home library | Current library | Shelving location | Date acquired | Source of acquisition | Total Checkouts | Full call number | Barcode | Date last seen | Price effective from | Koha item type |
|---|---|---|---|---|---|---|---|---|---|---|---|---|---|---|
| Elizalde Library | Elizalde Library | Filipiniana Section | 02/12/2004 | Fil E Ma27 2000 | E9522 | 04/12/2014 | 04/12/2014 | Books |